Επίτομος ιστορία του ελληνικού έθνους

Αποθηκεύτηκε σε:
Λεπτομέρειες βιβλιογραφικής εγγραφής
Κύριος συγγραφέας: Παπαρρηγόπουλος, Κωνσταντίνος Δ., 1815-1891
Μορφή: Βιβλίο
Γλώσσα:Greek
Δημοσίευση: Αθήνα : Αρχαίος εκδοτικός οίκος Δημητρίου Δημητράκου Α. Ε.,
Θέματα:
Ετικέτες: Προσθήκη ετικέτας
Δεν υπάρχουν, Καταχωρήστε ετικέτα πρώτοι!

MARC

LEADER 00000cam a2200000 i 4500
001 1/33171
008 960903s1952 gr | ||| |||| ||gre||
035 |l 10023886 
040 |a GR-MY-UA  |b gre  |e aacr 
041 0 |a gre 
082 7 |a 938   |2 (22) 
100 1 |a Παπαρρηγόπουλος, Κωνσταντίνος Δ.,   |d 1815-1891. 
245 1 0 |a Επίτομος ιστορία του ελληνικού έθνους /   |c Κ. Παπαρρηγόπουλου ; συγχρονισθείσα γλωσσικώς υπό Μαν. Πρωτοψάλτη ; επιμέλεια: Μιχ. Γ. Πετρίδη.  
260 |a Αθήνα :   |b Αρχαίος εκδοτικός οίκος Δημητρίου Δημητράκου Α. Ε.,  
300 |a 2 τ. :   |b χάρτες ;   |c 21 εκ.  
500 |a Περιλαμβάνουσα τα διδακτικώτερα πορίσματα της πεντατόμου ιστορίας του. 
650 0 0 |a Hellenism  |x History. 
651 0 |a Greece  |x History. 
852 |a INST  |b CHIOS  |e 19960903  |h 938 ΕΠΙ  |p 005200012390  |q 005200012390  |t REF  |y 23  |z ??? 
852 |a INST  |b CHIOS  |e 19960903  |h 938 ΕΠΙ  |p 005200012390  |q 005200012390  |t REF  |v (Unknown.)???:  |y 23  |z ??? 
852 |a INST  |b SAMOS  |e 20100204  |h 938 ΠΑΠ  |p 005300030694  |q 005300030694  |t BK  |y 0  |z τ.1 
852 |a INST  |b SAMOS  |e 20100209  |h 938 ΠΑΠ  |p 005300030695  |q 005300030695  |t BK  |y 0  |z τ.2 
852 |a INST  |b SAMOS  |e 20100204  |h 938 ΠΑΠ  |p 005300030694  |q 005300030694  |t BK  |v τ.1:  |y 0  |z τ.1 
852 |a INST  |b SAMOS  |e 20100209  |h 938 ΠΑΠ  |p 005300030695  |q 005300030695  |t BK  |v τ.2:  |y 0  |z τ.2 
853 |a INST  |b CHIOS  |h 938 ΕΠΙ 
853 |a INST  |b SAMOS  |h 938 ΠΑΠ 
901 |a BIBL3-2010-1 
901 |a BIBL3-2010-1 
909 |a Σ  |b 161755 
909 |a Σ  |b 161754 
909 |a Χ  |b 046988 
970 |z 1996/09